2024 NFL Pro Bowl Roster - Statistics

General Stats
  • This quiz has been taken 381 times
  • The average score is 26 of 88
Answer Stats
Hint Answer % Correct
QB Patrick Mahomes
87%
QB Lamar Jackson
85%
OLB Josh Allen
79%
WR Keenan Allen
78%
ILB Roquan Smith
64%
QB Brock Purdy
63%
TE Travis Kelce
63%
C Jason Kelce
62%
WR Tyreek Hill
60%
WR A.J. Brown
57%
QB Dak Prescott
57%
RB Derrick Henry
56%
TE George Kittle
54%
WR Ja'Marr Chase
51%
RB Christian Mcaffrey
50%
RB Kyren WIlliams
50%
DT Quinnen Williams
50%
T Trent Williams
50%
QB Tua Tagovailoa
50%
WR CeeDee Lamb
48%
QB Matthew Stafford
47%
DT Chris Jones
46%
CB Jaylon Johnson
41%
T Lane Johnson
41%
OLB T.J. Watt
41%
Kicker Justin Tucker
38%
DE Myles Garrett
37%
DE Nick Bosa
37%
WR Puka Nacua
37%
TE Sam Laporta
36%
DTS Dexter Lawrence
33%
RB James Cook
33%
C Creed Humphrey
32%
RB D'Andre Swift
32%
SS Julian Love
31%
OLB Micah Parsons
31%
WR Mike Evans
31%
MLB Fred Warner
30%
CB Jalen Ramsey
28%
CB Sauce Gardner
28%
FB Kyle Juszczyk
26%
CB Charvarius Ward
25%
CB Denzel Ward
25%
G Zack Martin
24%
DTS Aaron Donald
23%
Kicker Bryan Aubrey
23%
WR Amari Cooper
22%
FS Jessie Bates
22%
DE Maxx Crosby
22%
T Penei Sewell
22%
CB Patrick Surtain
21%
SS Kyle Hamilton
20%
CB DaRon Bland
19%
G Joey Thuney
19%
FS Minkah Fitzpatrick
19%
TE David Njoku
18%
ILB Patrick Queen
18%
DE Aidan Hutchinson
17%
MLB Bobby Wagner
17%
SS Budda Baker
17%
OLB Khalil Mack
17%
G Quenton Nelson
17%
DE Trey Hendrickson
15%
T Laremy Tunsil
14%
FB Alec Ingold
13%
FS Justin Simmons
13%
C Frank Ragnow
12%
OLB Danielle Hunter
11%
CB Devon Witherspoon
11%
G Joel Bitonio
11%
G Landon Dickerson
11%
C Tyler Linderbaum
11%
G Chris Lindstrom
10%
Punter AJ Cole
9%
T Dion Dawkins
9%
DTS Javon Hargrave
9%
DE Montez Sweat
9%
KR Rashid Shaheed
9%
Punter Bryan Anger
8%
OLB Haason Reddick
8%
KR Marvin Mims Jr
7%
DT Justin Madubuike
6%
RB Raheem Mosert
4%
Special Teamer Miles Killebrew
3%
Long Snapper Ross Matiscik
2%
T Terron Amstead
2%
Special Teamer Jalen Reeves-Maybin
1%
Long Snapper Andrew DePaolo
0%
No matching quizzes found
Score Distribution
Percent of People with Each Score
Percentile by Number Answered
Your Score History
You have not taken this quiz